000 00506nam a22001932 4500
001 0000002498
005 20170406114255.0
008 140314s xx 000 0 eng d
020 _c$
040 _aYour Holding Symbol
_cYour Holding Symbol
100 1 _aChasteen,Lanny G.
245 1 0 _aIntermidiate accounting.
250 _a4th ed.
260 _aNew york :
_bMcGraw-Hill,
_c1992.
300 _a1244 p. ;
_c cm.
504 _aindex.
650 0 _aaccounting.
908 _a140314
999 _c2387
_d2387